00348pab a2200133 454500008004000000100001800040245007400058260000900132300001500141362001200156650001800168650001000186773001800196180718b2012 xxu||||| |||| 00| 0 eng d aHazra, Anupam aThe need of right based empowerment approach for women of rural India c2012 ap.314-328. aJul-Sep aWomen - India aWomen aSocial Action